Maze Puran (Record no. 355960)

MARC details
000 -LEADER
fixed length control field 00445nam a22001817a 4500
005 - DATE AND TIME OF LATEST TRANSACTION
control field 20230829122900.0
008 - FIXED-LENGTH DATA ELEMENTS--GENERAL INFORMATION
fixed length control field 230828b |||||||| |||| 00| 0 eng d
020 ## - INTERNATIONAL STANDARD BOOK NUMBER
International Standard Book Number 9788193541517
041 ## - LANGUAGE CODE
Language code of text/sound track or separate title Marathi
082 ## - DEWEY DECIMAL CLASSIFICATION NUMBER
Classification number 891.46
Item number KAR
100 ## - MAIN ENTRY--PERSONAL NAME
Author Karve A.
245 ## - TITLE STATEMENT
Title Maze Puran
250 ## - EDITION STATEMENT
Edition statement 5 th
260 ## - PUBLICATION, DISTRIBUTION, ETC.
Place of publication, distribution, etc. Pune
Name of publisher, distributor, etc. Sanvad Tredprints
Date of publication, distribution, etc. 2019
300 ## - PHYSICAL DESCRIPTION
Extent 140 P
Other physical details PH
Dimensions 21.5 x 14 cm
365 ## - TRADE PRICE
Price type code INR
Price amount 120.00
Currency code Rupaye
942 ## - ADDED ENTRY ELEMENTS (KOHA)
Koha item type Books
Holdings
Withdrawn status Lost status Source of classification or shelving scheme Damaged status Not for loan Collection code Home library Current library Date acquired Vendor Budget Code Net Price Bill number Total Checkouts Total Renewals Full call number Barcode Date due Date last seen Date last checked out Discount Actual Price Bill Date Koha item type Original Barcode
    Dewey Decimal Classification     Book of Digital Architecture Dr. Bhanuben Nanavati College of Architecture Dr. Bhanuben Nanavati College of Architecture 29/08/2023 MKSSS B.Aarch. 120.00 52 3 1 891.46 KAR BNCA-BK-12280 23/02/2026 23/01/2026 23/01/2026 00.00 120.00 22/08/2023 Books BK12280